01509nam a2200277 i 4500001000300000245021200003246007600215260003400291300005400325490024100379500003000620504003100650600002400681650003700705650002300742650002000765655002900785700003000814711008300844830010300927040000801030041001101038080004301049008004101092856009801133bg00aStateczność podziemnych wyrobisk górniczych i zjawiska dynamiczne w górotworze :bXVII Zimowa Szkoła Mechaniki Górotworu, Szklarska Poręba, 14-18 marca 1994 r. /c[red. nauk. Andrzej Wojtaszek].11aStability of underground excavations and dynamic phenomena in rock mass aWrocław :bWydaw. PW,c1994. a302 s. :b2 fot., 1 portr., rys., wykr. ;c24 cm.1 aPrace Naukowe Instytutu Geotechniki i Hydrotechniki Politechniki Wrocławskiej. Konferencje =aScientific Papers of the Institute of Geotechnics and Hydroengineering of the Technical University of Wrocław. Conferences,x1230-3100 ;v33 aNumeracja ser. gł. : 65. aBibliogr., summ. przy ref.19aGergowicz Zdzisław 9aMechanika gruntówxgórnictwo 9aObudowa górnicza 9aStateczność aMateriały konferencyjne1 aWOJTASZEK, Andrzej.eRed.2 aZimowa Szkoła Mechaniki Górótworun(17 ;d1994 ;cSzklarska Poręba)eak 0aPrace Naukowe Instytutu Geotechniki i Hydrotechniki Politechniki Wrocławskiej.pKonferencje ;v33 cBPK0 aplben a622.83/.84::624.131.2/.6:622.2](061.3) s pl f |000 0 pol  uhttp://koha.tu.koszalin.pl/cgi-bin/koha/opac-detail.pl?biblionumber=30298yKatalog online BPK